TIMING FOR ANIMATION (Record no. 34632)

MARC details
000 -LEADER
fixed length control field 00317nam a22001457a 4500
003 - CONTROL NUMBER IDENTIFIER
control field SGT
020 ## - INTERNATIONAL STANDARD BOOK NUMBER
International Standard Book Number 978-1-032-63437-1
082 ## - DEWEY DECIMAL CLASSIFICATION NUMBER
Classification number 741.5
Item number WHI
100 ## - MAIN ENTRY--PERSONAL NAME
Personal name WHITAKER, HAROLD
245 ## - TITLE STATEMENT
Title TIMING FOR ANIMATION
260 ## - PUBLICATION, DISTRIBUTION, ETC. (IMPRINT)
Place of publication, distribution, etc LONDON
Name of publisher, distributor, etc CRC PRESS
Year of Publication 2026
300 ## - PAGE DESCRIPTION
No. of Pages 166
650 ## - SUBJECT ADDED ENTRY--TOPICAL TERM
Topical term or geographic name as entry element ANIMATION
942 ## - ADDED ENTRY ELEMENTS (KOHA)
Source of classification or shelving scheme Dewey Decimal Classification
Koha item type Books
Holdings
Withdrawn status Lost status Source of classification or shelving scheme Damaged status Not for loan Home library Current library Shelving location Date acquired Vendor Name Cost, normal purchase price SGTU Bill Number Total Checkouts Full call number Accession No. (Barcode) Date last seen Bill Date Koha item type
    Dewey Decimal Classification     SGT Science & Social Sciences Library SGT Science & Social Sciences Library Text Book 23/04/2026 ZAFAA 1095.00 SGTU ZBD-2026-27-0004   741.5 WHI FF923 23/04/2026 07/04/2026 Books
    Dewey Decimal Classification     SGT Science & Social Sciences Library SGT Science & Social Sciences Library Text Book 23/04/2026 ZAFAA 1095.00 SGTU ZBD-2026-27-0004   741.5 WHI FF924 23/04/2026 07/04/2026 Books
    Dewey Decimal Classification     SGT Science & Social Sciences Library SGT Science & Social Sciences Library Text Book 23/04/2026 ZAFAA 1095.00 SGTU ZBD-2026-27-0004   741.5 WHI FF925 23/04/2026 07/04/2026 Books